[Event "AUTO-INT-562"]
[Site "http://www.queenalice.com/game.php?id=281662"]
[Date "2007.10.5"]
[Round "2"]
[White "Tchek"]
[Black "mast"]
[Result "1-0"]
[WhiteElo "1803"]
[BlackElo "1531"]

1. e4 e5 2. Nf3 Qf6 3. Nc3 c6 4. Bc4 Bc5 5. O-O Bd4 6. Nxd4 exd4 7. e5 Qf5 8.
Ne2 Qxe5 9. Re1 Ne7 10. d3 d5 11. Bf4 Qf5 12. Bb3 c5 13. Qd2 Nbc6 14. Ng3 Qg4
15. Ba4 O-O 16. Bd6 Re8 17. Bxc6 bxc6 18. Bxe7 Rxe7 19. Rxe7 Be6 20. Qa5 Qg5 21.
Qxc5 g6 22. Rxa7 Rxa7 23. Qxa7 Qe7 24. Qa8+ Kg7 25. Qxc6 Qb4 26. b3 Qa5 27. a3
Qc3 28. Qxc3 dxc3 29. a4 Bc8 30. a5 Ba6 31. Ne2 Kf6 32. Nxc3 Ke6 33. b4 d4 34.
b5 Bxb5 35. Nxb5 Kd5 36. a6 Kc6 37. Nxd4+ Kb6 38. a7 1-0

[Event "AUTO-INT-562"]
[Site "http://www.queenalice.com/game.php?id=281663"]
[Date "2007.10.5"]
[Round "2"]
[White "mast"]
[Black "Tchek"]
[Result "0-1"]
[WhiteElo "1558"]
[BlackElo "1701"]

1. e4 e5 2. Nf3 Nc6 3. d4 exd4 4. Bb5 Bc5 5. Bxc6 dxc6 6. O-O Bg4 7. Qd3 Nf6 8.
Bg5 h6 9. Bxf6 gxf6 10. Nbd2 Rg8 11. Nb3 Bh3 12. Nxc5 Bxg2 13. Nxb7 Bxf3# 0-1

[Event "AUTO-INT-562"]
[Site "http://www.queenalice.com/game.php?id=281664"]
[Date "2007.10.5"]
[Round "2"]
[White "Tchek"]
[Black "amadeuswags"]
[Result "1/2-1/2"]
[WhiteElo "1810"]
[BlackElo "1538"]

1. e4 e5 2. Nf3 Nc6 3. Bc4 Nf6 4. Ng5 d5 5. exd5 Nxd5 6. d4 Be7 7. Nxf7 Kxf7 8.
Qf3+ Ke6 9. Nc3 Nb4 10. a3 Nxc2+ 11. Kd1 Nxa1 12. Qg4+ Kd6 13. dxe5+ Kc6 14.
Bb5+ Kc5 15. b4+ Nxb4+ 16. Ke1 Bxg4 17. Be3+ Qd4 18. axb4+ Kxb4 19. Bxd4 Nc2+
20. Kd2 Nxd4 21. Rb1+ Kc5 22. Na4+ Kd5 23. Nc3+ Kxe5 24. Re1+ Kf6 25. Nd5+ Kg5
26. Re5+ Bf5 27. Nxe7 Rad8 28. Ke3 Kf6 29. f4 c6 30. Bc4 Rhe8 31. Ng8+ Kg6 32.
Ne7+ Kf6 33. Ng8+ Kg6 34. Ne7+ 1/2-1/2

[Event "Let's Play Chess!"]
[Site "http://www.queenalice.com/game.php?id=285144"]
[Date "2007.10.12"]
[Round "-"]
[White "Tchek"]
[Black "spawnwolfwolverine"]
[Result "1-0"]
[WhiteElo "1711"]
[BlackElo "1664"]

1. e4 e5 2. Nf3 d6 3. d4 exd4 4. Qxd4 Be7 5. Nc3 Bg4 6. Qxg7 Bxf3 7. Qxh8 Bxg2
8. Qxg8+ Bf8 9. Bh6 Qe7 10. Bxg2 Nd7 11. Nd5 Qe5 12. Nxc7+ Ke7 13. Bg5+ f6 14.
Qxh7+ Kd8 15. Bh3 Kxc7 16. Qxd7+ Kb6 17. Be3+ Ka6 18. Bf1+ Ka5 19. Qc7+ b6 20.
Bd2+ Ka4 21. Qc4# 1-0

[Event "Let's Play Chess!"]
[Site "http://www.queenalice.com/game.php?id=285145"]
[Date "2007.10.12"]
[Round "-"]
[White "spawnwolfwolverine"]
[Black "Tchek"]
[Result "0-1"]
[WhiteElo "1649"]
[BlackElo "1751"]

1. c4 e5 2. e4 Bc5 3. d3 Nc6 4. Nf3 d6 5. Be2 Nf6 6. O-O Be6 7. b3 Nd4 8. Bb2 g5
9. Nbd2 Nxe2+ 10. Qxe2 h6 11. Rab1 g4 12. Nh4 Nxe4 13. Nxe4 Qxh4 14. g3 Qe7 15.
Nxc5 dxc5 16. Bxe5 Rh7 17. Rbe1 O-O-O 18. Bf4 h5 19. Qe4 Rdh8 20. Qe5 h4 21. Bg5
Qf8 22. Bxh4 Rxh4 23. gxh4 Rxh4 24. Qg3 Qh6 25. Re4 Rh3 26. Qg2 f5 27. Re3 Rxe3
28. fxe3 Qxe3+ 29. Kh1 Bd7 30. h4 Bc6 31. Qxc6 bxc6 32. h5 Qh3+ 33. Kg1 g3 34.
Rf2 gxf2+ 35. Kxf2 f4 36. h6 Qg3+ 37. Ke2 f3+ 38. Kd2 f2 39. h7 Qf4+ 40. Kc3
Qc1# 0-1

[Event "Let's Play Chess!"]
[Site "http://www.queenalice.com/game.php?id=285146"]
[Date "2007.10.12"]
[Round "-"]
[White "Tchek"]
[Black "spawnwolfwolverine"]
[Result "1-0"]
[WhiteElo "1740"]
[BlackElo "1616"]

1. e4 e5 2. Nf3 d6 3. d4 exd4 4. Qxd4 Nc6 5. Bb5 Be7 6. Qxg7 Bf6 7. Qg3 Bd7 8.
Nc3 Qe7 9. O-O O-O-O 10. Re1 Bxc3 11. bxc3 Ne5 12. Bxd7+ Qxd7 13. Nxe5 dxe5 14.
Qxe5 Ne7 15. Bg5 Rhe8 16. h3 Ng6 17. Qa5 a6 18. Bxd8 Rxd8 19. Rab1 Qd2 20. Rbd1
Qxd1 21. Rxd1 Rxd1+ 22. Kh2 Rd2 23. Qf5+ Kb8 24. Qxf7 Rxc2 25. Qxh7 Nf4 26. a4
Ne6 27. Qg8+ Ka7 28. Qxe6 Rxc3 29. Qd5 Rc2 30. e5 c6 31. Qd6 Rxf2 32. Qd4+ b6
33. Qxf2 Kb7 34. e6 b5 35. e7 bxa4 36. e8=Q a3 37. Qd7+ Kb8 38. Qfa7# 1-0

[Event "Let's Play Chess!"]
[Site "http://www.queenalice.com/game.php?id=285147"]
[Date "2007.10.12"]
[Round "-"]
[White "spawnwolfwolverine"]
[Black "Tchek"]
[Result "0-1"]
[WhiteElo "1654"]
[BlackElo "1711"]

1. c4 e5 2. e4 Nf6 3. d3 Bc5 4. Nf3 d6 5. Be2 O-O 6. O-O Nc6 7. Nc3 Nd4 8. Nxd4
Bxd4 9. Bd2 a6 10. a4 b6 11. b4 Bb7 12. Ra3 Nd7 13. Be3 f5 14. Bxd4 exd4 15. Nd5
fxe4 16. dxe4 c5 17. bxc5 dxc5 18. Bd3 Ne5 19. f4 Ng6 20. f5 Ne5 21. h3 Bxd5 22.
exd5 Qg5 23. g4 h5 24. Kh2 hxg4 25. hxg4 Nxg4+ 26. Kh1 Qh4+ 27. Kg1 Qh2# 0-1

[Event "Challenge"]
[Site "http://www.queenalice.com/game.php?id=285921"]
[Date "2007.10.13"]
[Round "-"]
[White "Mike36bh"]
[Black "Tchek"]
[Result "0-1"]
[WhiteElo "1703"]
[BlackElo "1725"]

1. d4 Nf6 2. Nc3 d5 3. Bf4 Bf5 4. Nb5 Na6 5. e3 c6 6. Nc3 e6 7. a3 Bd6 8. Bxd6
Qxd6 9. Nf3 O-O 10. Bd3 Bxd3 11. Qxd3 Rac8 12. O-O Rfe8 13. b4 Nc7 14. e4 dxe4
15. Nxe4 Nxe4 16. Qxe4 h6 17. c4 b5 18. c5 Qe7 19. Qxc6 Qf6 20. Qe4 Nd5 21. Qd3
a6 22. Ne5 Nf4 23. Qe4 Red8 24. Rad1 Rd5 25. c6 Qg5 26. Nd7 f5 27. Qf3 Rxc6 28.
Ne5 Rcd6 29. Rfe1 Rxd4 30. Rxd4 Rxd4 31. Qa8+ Kh7 32. Nf7 Qf6 33. Qh8+ Kg6 34.
Ne5+ Kh5 35. Qe8+ g6 36. g3 Qxe5 37. Kf1 Qd5 38. gxf4 Qh1+ 39. Ke2 Re4+ 40. Kd3
Qxe1 0-1

[Event "QuickMovers"]
[Site "http://www.queenalice.com/game.php?id=290000"]
[Date "2007.10.20"]
[Round "-"]
[White "Tchek"]
[Black "CHESSKING5"]
[Result "1-0"]
[WhiteElo "1778"]
[BlackElo "1500"]

1. e4 e5 2. Nf3 f6 3. Nxe5 fxe5 4. Qh5+ g6 5. Qxe5+ Be7 6. Qxh8 Bf8 7. Qxg8 d6
8. d4 b5 9. Bh6 Nd7 10. Bxb5 c6 11. Bxc6 g5 12. Bxd7+ Qxd7 13. Qxf8# 1-0

[Event "QuickMovers"]
[Site "http://www.queenalice.com/game.php?id=290001"]
[Date "2007.10.20"]
[Round "-"]
[White "BrunoBr"]
[Black "Tchek"]
[Result "0-1"]
[WhiteElo "1731"]
[BlackElo "1783"]

1. f4 b6 2. e4 Bb7 3. Nc3 e6 4. Nf3 Nf6 5. d3 d5 6. Bd2 dxe4 7. dxe4 Nxe4 8.
Bb5+ Nd7 9. Nxe4 Bxe4 10. O-O Bc5+ 11. Kh1 O-O 12. Bxd7 Qxd7 13. Ne5 Qd5 14. Qe2
Bxc2 15. Bc3 Bf5 16. Rad1 Qxa2 17. Nd7 Rfd8 18. Nf6+ gxf6 19. Rxd8+ Rxd8 20.
Bxf6 Rd5 21. Qf3 Qa4 22. Qg3+ Bg6 23. f5 Rxf5 24. Rxf5 Qd1+ 0-1

[Event "QuickMovers"]
[Site "http://www.queenalice.com/game.php?id=290002"]
[Date "2007.10.20"]
[Round "-"]
[White "Tchek"]
[Black "BrunoBr"]
[Result "1-0"]
[WhiteElo "1797"]
[BlackElo "1717"]

1. e4 e6 2. d4 d5 3. e5 c5 4. c3 Nc6 5. Nf3 Qb6 6. a3 Nh6 7. b4 cxd4 8. cxd4 Nf5
9. Bb2 Bd7 10. Be2 Be7 11. O-O O-O 12. b5 Na5 13. a4 Nc4 14. Bxc4 dxc4 15. Ba3
Bxa3 16. Rxa3 Rac8 17. Rc3 Rc7 18. Qd2 Rd8 19. Na3 Rdc8 20. Rfc1 a6 21. Nxc4
Rxc4 22. Rxc4 Rxc4 23. Rxc4 axb5 24. axb5 Qxb5 25. Qc1 Kf8 26. Ng5 h6 27. Ne4
Qa6 28. Nc5 Qb5 29. Nxd7+ Qxd7 30. Rc8+ Ke7 31. Rc7 1-0

[Event "QuickMovers"]
[Site "http://www.queenalice.com/game.php?id=290003"]
[Date "2007.10.20"]
[Round "-"]
[White "BrunoBr"]
[Black "Tchek"]
[Result "0-1"]
[WhiteElo "1732"]
[BlackElo "1763"]

1. d4 Nf6 2. c4 e6 3. Nf3 d5 4. Nc3 Bb4 5. Bg5 dxc4 6. e4 b5 7. a4 c6 8. axb5
cxb5 9. e5 h6 10. Bxf6 gxf6 11. exf6 Qxf6 12. Bxc4 Bxc3+ 13. bxc3 bxc4 14. Qa4+
Bd7 15. Qxc4 Rg8 16. O-O Bc6 17. Ne5 Rxg2+ 18. Kh1 Rxh2+ 19. Kxh2 Qh4+ 0-1

[Event "Light Movers"]
[Site "http://www.queenalice.com/game.php?id=290881"]
[Date "2007.10.22"]
[Round "-"]
[White "Tchek"]
[Black "lucianovdemelo"]
[Result "1-0"]
[WhiteElo "1799"]
[BlackElo "1459"]

1. e4 e5 2. Nf3 Nc6 3. Bc4 h6 4. O-O Nf6 5. c3 Bc5 6. d4 exd4 7. cxd4 Bb4 8. Nc3
d6 9. Re1 Bg4 10. a3 Nxd4 11. axb4 Nxf3+ 12. gxf3 Bh5 13. Nd5 Nxd5 14. Qxd5 O-O
15. Qxh5 Qf6 16. Kh1 Rae8 17. Rg1 Re7 18. Bxh6 Re6 19. Bxg7 Qxg7 20. Rxg7+ Kxg7
21. Rg1+ Kf6 22. Qg5# 1-0

[Event "Light Movers"]
[Site "http://www.queenalice.com/game.php?id=290882"]
[Date "2007.10.22"]
[Round "-"]
[White "lucianovdemelo"]
[Black "Tchek"]
[Result "0-1"]
[WhiteElo "1457"]
[BlackElo "1801"]

1. d4 Nf6 2. c4 e6 3. Nf3 d5 4. Nc3 Bb4 5. e3 Ne4 6. Bd2 Nxd2 7. Qxd2 b6 8. Bd3
dxc4 9. Bxc4 Bb7 10. O-O Bxf3 11. gxf3 Qf6 12. f4 Nd7 13. Kh1 Qh4 14. Rg1 Nf6
15. f3 Rd8 16. Rac1 c5 17. dxc5 Rxd2 18. Rg2 Rxg2 19. Rc2 Rxc2 20. Ne4 Qe1+ 21.
Bf1 Qxf1# 0-1

[Event "Quick Game !"]
[Site "http://www.queenalice.com/game.php?id=295042"]
[Date "2007.10.29"]
[Round "-"]
[White "Tchek"]
[Black "CampbellMarcel"]
[Result "1-0"]
[WhiteElo "1805"]
[BlackElo "1830"]

1. e4 e6 2. d4 d5 3. e5 a6 4. Nd2 Nd7 5. Ngf3 f6 6. Nh4 g6 7. f4 f5 8. Nhf3 Bh6
9. Nb3 b6 10. Be2 c6 11. O-O Qc7 12. Bd2 a5 13. c4 Ba6 14. Rc1 Qb7 15. cxd5 Bxe2
16. dxc6 Qa6 17. cxd7+ Kxd7 18. Qc2 Ne7 19. Qc7+ Ke8 20. Rfe1 Rc8 21. Qd6 Kf7
22. Nc5 Rxc5 23. dxc5 Bxf3 24. gxf3 Bf8 25. cxb6 Nd5 26. Qd7+ Be7 27. Rc6 Rd8
28. Qxe6+ Ke8 29. Rec1 Qe2 30. Qg8+ Kd7 31. e6+ Qxe6 32. Qxe6+ 1-0

[Event "Quick Game !"]
[Site "http://www.queenalice.com/game.php?id=295043"]
[Date "2007.10.29"]
[Round "-"]
[White "CampbellMarcel"]
[Black "Tchek"]
[Result "1/2-1/2"]
[WhiteElo "1732"]
[BlackElo "1808"]

1. e4 e5 2. Nf3 Nc6 3. Bb5 a6 4. Bxc6 dxc6 5. Nxe5 Qd4 6. f4 Qxe4+ 7. Qe2 Qxe2+
8. Kxe2 Bf5 9. d3 f6 10. Nf3 O-O-O 11. h3 Bc5 12. g4 Be6 13. Be3 Bxe3 14. Kxe3
Ne7 15. Nc3 Rhe8 16. Rhe1 Ng6 17. Ne4 Bd5 1/2-1/2

[Event "Quick Game !"]
[Site "http://www.queenalice.com/game.php?id=295044"]
[Date "2007.10.29"]
[Round "-"]
[White "Renatogr90"]
[Black "Tchek"]
[Result "0-1"]
[WhiteElo "1654"]
[BlackElo "1827"]

1. e4 e5 2. Nf3 Nc6 3. Bb5 a6 4. Bxc6 dxc6 5. Nxe5 Qd4 6. Ng4 Qxe4+ 7. Qe2 Qxe2+
8. Kxe2 Bxg4+ 9. f3 Bf5 10. d3 O-O-O 11. Bg5 f6 12. Bf4 Bd6 13. Bxd6 Rxd6 14.
Nc3 Ne7 15. Rhe1 Nd5 16. Nxd5 Rxd5 17. Kd1 Kd7 18. Re3 Re8 19. Rxe8 Kxe8 20. Kd2
Be6 21. Re1 Kd7 22. c4 Rd4 23. b4 Rd6 24. Kc3 Bf5 25. Rd1 Re6 26. g4 Bg6 27. a4
Re2 28. h4 Rf2 29. h5 Bf7 30. b5 cxb5 31. cxb5 axb5 32. axb5 Rxf3 33. Kb4 Rf4+
34. d4 Rxg4 35. Ka5 b6+ 36. Kb4 f5 37. Kc3 f4 38. Rf1 Rg3+ 39. Kb4 f3 40. Kc3
Bxh5 41. Kd2 Rg2+ 42. Ke1 Re2+ 43. Kd1 f2 44. Rxf2 Rxf2+ 45. Ke1 Ra2 46. d5 Kd6
47. Kf1 Kxd5 48. Ke1 Ke4 49. Kf1 Ke3 50. Ke1 Ra1# 0-1

[Event "Quick Game !"]
[Site "http://www.queenalice.com/game.php?id=295045"]
[Date "2007.10.29"]
[Round "-"]
[White "Tchek"]
[Black "Renatogr90"]
[Result "1-0"]
[WhiteElo "1822"]
[BlackElo "1547"]

1. e4 e5 2. Nf3 Nc6 3. Bc4 Nf6 4. Ng5 d5 5. exd5 Nxd5 6. d4 f6 7. dxe5 fxe5 8.
Qxd5 Qxd5 9. Bxd5 Nd4 10. Be4 h6 11. Bg6+ Kd8 12. Nf7+ Kd7 13. Nxh8 c5 14. c3
Ne6 15. Bf5 Ke7 16. Ng6+ Kf6 17. Nxf8 Nxf8 18. Bxc8 Rxc8 19. Be3 b5 20. Nd2 Ne6
21. Rd1 b4 22. Ne4+ Kf5 23. Nd6+ Kf6 24. Nxc8 bxc3 25. bxc3 g5 26. Rd6 h5 27.
Bxc5 h4 28. g4 Kf7 29. Bxa7 Nf4 30. a4 Ng2+ 31. Kd1 e4 32. a5 e3 33. fxe3 Nxe3+
34. Ke2 Nc2 35. Rf1+ Kg7 36. Kd3 Na3 37. Bd4+ Kg8 38. Rd7 Nb5 39. Re1 Kf8 40.
Bc5+ Nd6 41. Bxd6+ Kg8 42. Re8# 1-0

[Event "AUTO-INT-545"]
[Site "http://www.queenalice.com/game.php?id=316724"]
[Date "2007.12.7"]
[Round "2"]
[White "mateus_amorim"]
[Black "Tchek"]
[Result "1-0"]
[WhiteElo "1857"]
[BlackElo "1829"]

1. d4 Nf6 2. c4 e6 3. a3 g6 4. Nf3 Bg7 5. g3 O-O 6. Bg2 d5 7. cxd5 Nxd5 8. Nc3
c6 9. O-O Nd7 10. e4 N5b6 11. b3 c5 12. Bb2 cxd4 13. Nxd4 Nc5 14. Nce2 e5 15.
Nf3 Qxd1 16. Raxd1 Nxb3 17. Nxe5 Be6 18. Nf4 Rac8 19. Ned3 Bxb2 20. Nxb2 Rc2 21.
Nfd3 f5 22. exf5 Bxf5 23. Bxb7 Bh3 24. Rfe1 Nc5 25. Nxc5 Rfxf2 26. Rd8+ Kf7 27.
Nbd3 Rg2+ 28. Bxg2 Rxg2+ 29. Kh1 Nc4 30. Rd7+ Kf6 31. Rf1+ Kg5 32. Ne4+ Kh6 33.
Rf4 g5 34. Rf6+ Kh5 35. Rxh7+ Kg4 36. Ndf2+ 1-0

[Event "AUTO-INT-545"]
[Site "http://www.queenalice.com/game.php?id=316725"]
[Date "2007.12.7"]
[Round "2"]
[White "Tchek"]
[Black "mateus_amorim"]
[Result "0-1"]
[WhiteElo "1829"]
[BlackElo "1781"]

1. e4 c5 2. d4 e6 3. Nf3 d5 4. e5 f6 5. c3 cxd4 6. cxd4 fxe5 7. Nxe5 Nf6 8. Bg5
Be7 9. Bxf6 Bxf6 10. Qh5+ g6 11. Bb5+ Nd7 12. Qe2 a6 13. Bxd7+ Bxd7 14. O-O Bb5
15. Nd3 Qe7 16. Re1 Kf7 17. a4 Bc4 18. Nd2 Bxd4 19. Nxc4 dxc4 20. Nf4 Rhe8 21.
Qxc4 Qf6 22. Rad1 Rad8 23. Re2 Qxf4 24. Rde1 Be5 25. Qb3 Qxh2+ 0-1

[Event "AUTO-INT-545"]
[Site "http://www.queenalice.com/game.php?id=316730"]
[Date "2007.12.7"]
[Round "2"]
[White "Tchek"]
[Black "lucasboth"]
[Result "0-1"]
[WhiteElo "1836"]
[BlackElo "2049"]

1. e4 Nc6 2. d4 e5 3. d5 Nce7 4. b3 Nf6 5. Nd2 Ng6 6. Bb2 Bc5 7. Ngf3 Ng4 8. Nd4
Qg5 9. h3 Nxf2 10. Kxf2 exd4 11. Nf3 Qe3+ 12. Kg3 Bd6+ 13. e5 Bxe5+ 0-1

[Event "AUTO-INT-545"]
[Site "http://www.queenalice.com/game.php?id=316731"]
[Date "2007.12.7"]
[Round "2"]
[White "lucasboth"]
[Black "Tchek"]
[Result "1-0"]
[WhiteElo "2069"]
[BlackElo "1811"]

1. e4 e5 2. Nf3 Nc6 3. Bc4 Bc5 4. c3 a6 5. d4 exd4 6. cxd4 Ba7 7. Nc3 d6 8. Bg5
Nf6 9. O-O Bg4 10. Bd5 Bxf3 11. gxf3 Qd7 12. Bxc6 Qxc6 13. Rc1 Qb6 14. Bxf6 gxf6
15. Nd5 Qxb2 16. Nxc7+ Ke7 17. Nxa8 Rxa8 18. Rc7+ Kf8 19. Qc1 Qe2 20. Qh6+ 1-0

[Event "AUTO-INT-545"]
[Site "http://www.queenalice.com/game.php?id=316732"]
[Date "2007.12.7"]
[Round "2"]
[White "Tchek"]
[Black "wilbrito"]
[Result "1-0"]
[WhiteElo "1805"]
[BlackElo "1708"]

1. e4 e5 2. Nf3 Nc6 3. Bc4 Nf6 4. Ng5 d5 5. exd5 Nxd5 6. d4 Nxd4 7. c3 b5 8.
Bxd5 Qxd5 9. cxd4 Qxg2 10. Qf3 Qxf3 11. Nxf3 Bb7 12. Ke2 exd4 13. Rg1 c5 14. b3
O-O-O 15. Bb2 Re8+ 16. Kd3 Bxf3 17. Nd2 Bc6 18. a4 bxa4 19. bxa4 Bd6 20. Rxg7
Bxh2 21. Rxf7 Bd7 22. Nc4 Kc7 23. Ba3 Ref8 24. Rxf8 Rxf8 25. Bxc5 Rxf2 26. Bxd4
Rf3+ 27. Kc2 Bf5+ 28. Kb2 h5 29. Rh1 Rh3 30. Rxh2 Rxh2+ 31. Kc3 h4 32. Be5+ Kc6
33. Bxh2 h3 34. Kb4 Bg4 35. Ne5+ 1-0

[Event "AUTO-INT-545"]
[Site "http://www.queenalice.com/game.php?id=316733"]
[Date "2007.12.7"]
[Round "2"]
[White "wilbrito"]
[Black "Tchek"]
[Result "0-1"]
[WhiteElo "1719"]
[BlackElo "1817"]

1. e4 e5 2. Bc4 Nf6 3. Nf3 Nc6 4. Nc3 Bc5 5. O-O a6 6. d3 d6 7. Ng5 O-O 8. Be3
Nd4 9. Nd5 Nxd5 10. Bxd5 c6 11. Bxf7+ Rxf7 12. Nxf7 Kxf7 13. Qh5+ Kg8 14. Bg5
Qf8 15. Qd1 Ne6 16. Bh4 Nf4 17. c3 Ng6 18. Bg5 Nf4 19. Qf3 Nh3+ 20. Kh1 Nxg5 21.
Qxf8+ Kxf8 22. f4 exf4 23. Rxf4+ Ke7 24. d4 Bb6 25. Raf1 Be6 26. h4 Nf7 27. g4
d5 28. e5 Nh6 29. g5 Nf5 30. h5 Ng3+ 31. Kg1 Nxf1 32. Rxf1 Rf8 33. Rxf8 Kxf8 34.
Kg2 c5 35. Kg3 cxd4 36. cxd4 Bxd4 37. Kf4 Bxb2 38. g6 h6 39. a4 b5 0-1